000 00278nam a22001337a 4500
020 _a0-7214-17774-4
082 _a821
_bRAN/P
100 _aRANDALL, RONNE
245 _aPLAY TIME RHYMES
260 _aUK
_bLASY BIRD
300 _a27
650 _aENGLISH RHYMES
_zUK
942 _cBK
999 _c1732
_d1732